• 首页
  • 本馆介绍
  • 公告通知
  • 最新文献
  • 馆藏检索
  • 电子资源
  • 读者导购
  • 参考咨询
  • 我的图书馆
  • 登录
  • 详细信息显示
  • 放入我的书架
  • 预约/预借图书
  • 作者相关作品
  • 分类相关作品
  • 丛书相关作品
  • 出版社相关作品

书目信息

  • 表格格式
  • 工作单格式
  • 卡片格式
题名:
测量误差及数据处理
    
 
作者: 张世箕 编
分册:  
出版信息: 北京   科学出版社  1979
页数: 328页
开本: 19cm
丛书名:
单 册:
中图分类: TM930.115
科图分类:
主题词: 测量误差-电气测量 , 电气测量-数据处理 , 电气测量-测量误差 , 数据处理-电气测量
电子资源:
ISBN:
000 00687nam0 2200253 45
001 0179005858
005 20070922104900.95
010    @dCNY1.10
091    @aCN@b15031.222
100    @a19950802d1979 em y0chiy0121 ea
101 0  @achi
102    @aCN@b110000
105    @ay z 000yy
200 10 @a测量误差及数据处理@Ace liang wu cha ji shu ju chu li@f张世箕编
210    @a北京@c科学出版社@d1979
215    @a328页@d19cm
606    @a测量误差-电气测量
606    @a电气测量-数据处理
606    @a电气测量-测量误差
606    @a数据处理-电气测量
690    @aTM930.115@v3
701  0 @a张世箕@Azhang shi ji@4编
801  0 @aCN@bTSSF@c20070922
905    @a10447@dTM930.115@e85
    
    测量误差及数据处理/张世箕编.-北京:科学出版社,1979
    328页;19cm
    
    
    ISBN :CNY1.10
    
●
相关链接 在E读中查询图书 在五车中查询图书 在当当中查询图书 在豆瓣中查询图书


正题名:测量误差及数据处理     索取号:TM930.115/85         预约/预借

序号 登录号 条形码 馆藏地/架位号 状态 备注
1 0609432   206094322   第二样本阅览室/ [索取号:TM930.115/85] 在馆    
唐山师范学院图书馆 欢迎您!
大连网信软件有限公司© 版权所有